Sports medicine / (Record no. 187388)

MARC details
000 -LEADER
fixed length control field 00628nam a22001937a 4500
005 - DATE AND TIME OF LATEST TRANSACTION
control field 20220416150042.0
008 - FIXED-LENGTH DATA ELEMENTS--GENERAL INFORMATION
fixed length control field 220416b ||||| |||| 00| 0 eng d
010 ## - LCCN (DPL NO)
LC control number B-094543
020 ## - INTERNATIONAL STANDARD BOOK NUMBER
International Standard Book Number 8175241004
Terms of availability 700.00
035 ## - SYSTEM CONTROL NUMBER
System control number B-094543
082 ## - DEWEY DECIMAL CLASSIFICATION NUMBER
Classification number 617.1027
245 ## - TITLE STATEMENT
Title Sports medicine /
Statement of responsibility, etc by Archna Jain
260 ## - PUBLICATION, DISTRIBUTION, ETC. (IMPRINT)
Place of publication, distribution, etc New Delhi
Name of publisher, distributor, etc Khel Sahitya Kendra
Date of publication, distribution, etc 2011
270 ## - ADDRESS
Address 7/26, Ground Floor, Ansari Road, Darya Ganj
City New Delhi
Postal code 110002
300 ## - PHYSICAL DESCRIPTION
Extent 274p. :
Dimensions 22cm (Hb)
Other physical details ill.
700 ## - ADDED ENTRY--PERSONAL NAME
9 (RLIN) 24920
Personal name Archna Jain
942 ## - ADDED ENTRY ELEMENTS (KOHA)
Source of classification or shelving scheme Dewey Decimal Classification
Item type English Books
Call number suffix SPO
Classification part 617.1027
Holdings
Withdrawn status Lost status Source of classification or shelving scheme Damaged status Not for loan Home library Current library Date acquired Total Checkouts Full call number Barcode Date last seen Cost, replacement price Koha item type
    Dewey Decimal Classification     Sarojini Nagar Sarojini Nagar 16/04/2022 2 617.1027 SPO B-094543 23/05/2022 700.00 English Books

© Delhi Public Library
Hit Counter
free hit counter